|
|
|
|
| LEADER |
00000nas a2200000 4500 |
| 005 |
20150622184556.0 |
| 007 |
|acr nuu---uuuuu |
| 008 |
130219c 9999sp uu p s 0 0mul d |
| 022 |
|
|
|a 1697-5197
|
| 035 |
|
|
|a 12724
|
| 040 |
|
|
|a BUS
|d vLex
|
| 041 |
|
|
|a spaeng
|
| 090 |
|
|
|c 5463
|d 5463
|
| 245 |
3 |
0 |
|a Revista electrn̤ica de estudios internacionales
|h [Recurso electrn̤ico]
|
| 256 |
|
|
|a Servicio en lƯ̕nea.
|
| 260 |
|
|
|a [Spain] :
|b Asociacin̤ Espaǫla de Profesores de Derecho Internacional y Relaciones Internacionales (AEPDIRI)
|
| 300 |
|
|
|a 1 recurso electrn̤ico
|
| 310 |
|
|
|a Semestral
|
| 506 |
|
|
|a Contenido disponible en los productos indicados
|d vLex Global
|d vLex Global (Academic Edition, excluding Law Schools)
|d vLex Global (U.S. Academic Edition, Law Schools)
|d vLex Global (U.S. Academic Edition, excluding Law Schools)
|d vLex Global (Academic Edition, Law Schools)
|
| 650 |
0 |
4 |
|a Derecho internacional
|v Publicaciones perid̤icas.
|
| 740 |
0 |
|
|a Directory of Open Access Journals (Servicio en ln̕ea)
|
| 740 |
0 |
|
|a vLex Revistas (Servicio en ln̕ea)
|
| 856 |
|
|
|u http://vlex.com/source/revista-electronica-estudios-internacionales-12724
|z Acceso restringido
|
| 942 |
|
|
|c EURO
|
| 999 |
0 |
|
|a International law
|